000 01687nam a2200445 i 4500
001 3995
003 KOSZ 005
005 20200814085918.0
008 200724s1972 pl a f 000 0 pol
040 _aWA N
_cWA N
_dKOSZ 005/RW
046 _k1972
080 _a531.1/.3
080 _a(075.8+076)
245 1 0 _aZbiór zadań z mechaniki ogólnej :
_bpraca zbiorowa.
_nT. 2,
_pKinematyka i dynamika /
_cpod redakcją Jerzego Leyki i Jana Szmeltera.
260 _aWarszawa :
_bPaństwowe Wydawnictwo Naukowe,
_c1972.
300 _a435, [1] stron :
_bilustracje, errata ;
_c24 cm.
336 _aTekst
_btxt
_2rdacontent
337 _aBez urządzenia pośredniczącego
_bn
_2rdamedia
338 _aWolumin
_bnc
_2rdacarrier
380 _aKsiążki
380 _aPublikacje dydaktyczne
388 1 _a1901-2000
388 1 _a1945-1989
650 7 _aMechanika
650 7 _aDynamika
650 7 _aKinematyka
655 7 _aĆwiczenia i zadania dla szkół wyższych
658 _aInżynieria i technika
700 1 _aBanasiak, Mirosław
_eAutor
700 1 _aGałkiewicz, Tadeusz
_eAutor
700 1 _aGluza, Jerzy
_d(1924-1985)
_eAutor
700 1 _aLeyko, Jerzy
_d(1918-1995)
_eAutor
_eRedakcja
700 1 _aNiezgodziński, Michał Edward
_d(1919-2010)
_eAutor
700 1 _aSulikowski, Tadeusz
_eAutor
700 1 _aSzmelter, Jan
_d(1920-1978)
_eAutor
_eRedakcja
700 1 _aWalczak, Władysław
_eAutor
710 2 _aPaństwowe Wydawnictwo Naukowe
_4pbl
856 _uhttp://koha.tu.koszalin.pl/cgi-bin/koha/opac-detail.pl?biblionumber=3995
_yKatalog online BPK
942 _2UKD
_cKS
999 _c3995
_d3995